El lugar de corea en el sol : una historia moderna /

Guardado en:
Autor Principal: Cumings, Bruce
Otros Autores: Melero, Cecilia, trad., Santillán, Gustavo, trad., Santarrosa, Jorge, trad.
Formato: Libro
Publicado: Córdoba : Comunic-arte, 2004
Materias:
Etiquetas: Agregar Etiqueta
Sin Etiquetas, Sea el primero en etiquetar este registro!
LEADER 00675nam a22002175a 4500
001 EHU.bham042112
003 AR-BHAM
005 20130521151029.0
008 130507s2004##################000#0#####d
020 |a 9871151187 
082 9 5 |a 950.4 
100 1 |a Cumings, Bruce 
245 1 0 |a El lugar de corea en el sol :  |b una historia moderna /  |c  Bruce Cumings : 
260 |a Córdoba :  |b Comunic-arte,  |c 2004 
300 |a 584 p. 
653 |a Asia-historia de-siglo xx 
653 |a Corea-historia de 
700 1 |a Melero, Cecilia, trad. 
700 1 |a Santillán, Gustavo, trad. 
700 1 |a Santarrosa, Jorge, trad. 
859 |a AR-BHAM  |b BIB. HUMANIDADES - General  |h 950.4  |i C762  |p 377.07  |t Ej.1